Anatómia 2

Na minha lista:
Detalhes bibliográficos
Autor principal: Binovský, Alexander (Author)
Formato: Livro
Idioma:eslovaco
Publicado em: Bratislava : Univerzita Komenského v Bratislave, 2001
Edição:2. vyd.
Assuntos:
Tags: Adicionar Tag
Sem tags, seja o primeiro a adicionar uma tag!

MARC

LEADER 00000nam a22000003a 4500
001 stu79050
005 20150617225643.8
008 030214s2001----xo------------------slo-d
020 |a 80-223-1557-5 
040 |a STU  |b slo 
041 0 |a slo 
044 |a xo 
080 |a 611 
100 1 |a Binovský, Alexander  |4 aut 
245 1 |a Anatómia 2 
250 |a 2. vyd. 
260 |a Bratislava :  |b Univerzita Komenského v Bratislave,  |c 2001 
300 |a 191 s 
650 7 |a Anatómia človeka  |2 stusub 
996 |b 284M039035  |c M*S-1072/2-1  |l MMKN  |s A  |a 24  |w stu79050_0001